| 000 | 00782 a2200229 4500 | ||
|---|---|---|---|
| 003 | OSt | ||
| 005 | 20180116192334.0 | ||
| 008 | 120209t xxu||||| |||| 00| 0 eng d | ||
| 010 | _a 77361922 | ||
| 020 | _a0258970499 : | ||
| 040 | _c0 | ||
| 082 | 0 | 0 | _a693.98 |
| 100 | 1 | _aHerzog, Thomas, | |
| 245 | 1 | 0 |
_aPneumatic structures : _ba handbook for the architect and engineer / _cThomas Herzog ; with contributions by Gernot Minke and Hans Eggers. |
| 260 |
_aLondon : _bCrosby Lockwood Staples, _c1977. |
||
| 300 |
_a192 p. : _bill. ; _c26 cm. |
||
| 500 | _aTranslation of Pneumatische Konstruktionen. | ||
| 500 | _aIncludes index. | ||
| 650 | 0 | _aAir-supported structures. | |
| 942 |
_aSADA _cBK _k693.98 HER 1977 _2ddc |
||
| 999 |
_c352415 _d352415 |
||